| 000 | 00499pab a2200193 454500 | ||
|---|---|---|---|
| 008 | 180718b2006 xxu||||| |||| 00| 0 eng d | ||
| 100 | _aKamerimbote, Patricia | ||
| 245 | _aWomen, land rights and the environment: the Kenyan experience | ||
| 260 | _c2006 | ||
| 300 | _ap.43-48. | ||
| 362 | _aSep | ||
| 650 | _aEnvironment - Kenya | ||
| 650 | _aLand tenure - Kenya | ||
| 650 | _aWomen - Kenya | ||
| 650 | _aEnvironment - Kenya | ||
| 650 | _aWomen | ||
| 773 | _aDevelopment | ||
| 909 | _a72653 | ||
| 999 |
_c72653 _d72653 |
||